Quantitative Aptitude for CAT / (Record no. 157659)

MARC details
000 -LEADER
fixed length control field 00693nam a22002177a 4500
005 - DATE AND TIME OF LATEST TRANSACTION
control field 20180924122232.0
010 ## - LCCN (DPL NO)
LC control number ENG-124036
020 ## - INTERNATIONAL STANDARD BOOK NUMBER
International Standard Book Number 9789353063047
Terms of availability 850.00
035 ## - SYSTEM CONTROL NUMBER
System control number EN-107568
037 ## - SOURCE OF ACQUISITION
Source of stock number/acquisition DBAD/PUB
082 ## - DEWEY DECIMAL CLASSIFICATION NUMBER
Classification number 000
245 ## - TITLE STATEMENT
Title Quantitative Aptitude for CAT /
Statement of responsibility, etc ed. by Sharel Simon; Arundhati Roy [and] Vipin Kumar
260 ## - PUBLICATION, DISTRIBUTION, ETC. (IMPRINT)
Place of publication, distribution, etc Noida
Name of publisher, distributor, etc Pearson
Date of publication, distribution, etc 2019
270 ## - ADDRESS
Address 15th Floor, Tower B, Worls Trade Tower, Plot No.1, Block -C
City Noida (UP)
Postal code 201301
300 ## - PHYSICAL DESCRIPTION
Extent vaious paging.
Dimensions 25cm.(pbk)
Other physical details ill.
500 ## - GENERAL NOTE
General note Trishna Knowledge System
700 ## - ADDED ENTRY--PERSONAL NAME
Personal name Simon, Sharel
700 ## - ADDED ENTRY--PERSONAL NAME
Personal name Roy, Arundhati
700 ## - ADDED ENTRY--PERSONAL NAME
Personal name Vipin Kumar
942 ## - ADDED ENTRY ELEMENTS (KOHA)
Source of classification or shelving scheme Dewey Decimal Classification
Item type English Books
Classification part 000
Call number suffix QUA
Holdings
Withdrawn status Lost status Not for loan Collection code Home library Current library Date acquired Source of acquisition Cost, normal purchase price Full call number Barcode Copy number Cost, replacement price Koha item type
    Not For Loan Non-fiction D.B.Act.Division Sarojini Nagar 24/09/2018 DBAD/PUB 850.00 000 QUA EN-107568 1 850.00 English Books

© Delhi Public Library
Hit Counter
free hit counter